| 000 | 00684nam a22001577a 4500 | ||
|---|---|---|---|
| 005 | 2012021600430.0 | ||
| 020 |
_c95.00 _a8172145837 |
||
| 035 | _aB-28122 | ||
| 037 |
_aDPL _bENG |
||
| 100 |
_aBanerjee,Brojendra Nath _944420 |
||
| 245 |
_aJesus my Hope/ _cby Brojendra Nath Banerjee |
||
| 260 |
_a Delhi _bISPCK _c2000 |
||
| 300 |
_a xxiii,123p. _c22 cms. |
||
| 942 |
_2ddc _cEN _h280.31 _mBAN |
||
| 999 |
_c64464 _d64464 |
||